000 00947nam a2200253Ia 4500
001 ebr5000682
003 CaPaEBR
006 m u
007 cr cn|||||||||
008 010426s2001 ncu s 000 0 eng d
040 _aCaPaEBR
_cCaPaEBR
035 _a(OCoLC)680632297
050 1 4 _aPR1363
_b.H86 2001eb
100 1 _aHume, David,
_d1711-1776.
245 1 0 _aOf essay writing
_h[electronic resource] /
_cDavid Hume.
260 _aRaleigh, NC :
_bAlex Catalogue,
_c2001.
300 _a4 p.
533 _aElectronic reproduction.
_bPalo Alto, Calif. :
_cebrary,
_d2010.
_nAvailable via World Wide Web.
_nAccess may be limited to ebrary affiliated libraries.
650 0 _aEssays
_xAuthorship.
650 0 _aEnglish language
_xRhetoric.
655 7 _aElectronic books.
_2local
710 2 _aebrary, Inc.
856 4 0 _uhttp://site.ebrary.com/lib/rucke/Doc?id=5000682
_zAn electronic book accessible through the World Wide Web; click to view
999 _c2932
_d2932